00928nam a22002537a 4500003000500000005001700005008004100022010001000063011001000073035001100083040000900094100003200103245016800135260004000303300004300343502007700386530003600463650001400499650002700513650002200540650002300562650002500585856006400610CHAP20220817044310.0091104s2009 mx r 00010 spa d a96998 a97970 a108645 cCHAP1 aDelin Reynoso, Pablo Manuel10aControl químico del ácaro café (Oligonychus punicae Hirst.) del aguacate (Persea americana Mill.) enTancítaro, Michoacánc/por Pablo Manuel Delin Reynoso aChapingo, Méx. :bEl autor,c2009 aix, 57 h. :bcuadros, gráfs. , ilus. aTesis (Ing. Agr. Esp. en Fitotecnia) -- UACH. Departamento de Fitotecnia aTambién disponible en línea14aÁcaros.14aAguacatexMichoacán.14aAguacatexPlagas.14aControl químico.14aOligonychus punicae. 3Finding aiduhttp://10.13.5.2/tesis/108645.pdfzTeclea aqui